Знаменитые люди по имени Жан - Statistics

General Stats
  • This quiz has been taken 44 times
  • The average score is 5 of 18
Answer Stats
Подсказка Ответ % Correct
Актёр, снявшийся в фильмах «Леон» и «Ронин» Жан {Рено}
85%
Философ и виднейший представитель сентиментализма Жан-Жак {Руссо}
81%
Актёр, снявшийся в фильмах «Кровавый спорт» и «Универсальный солдат» Жан-Клод {Ван Дамм}
70%
Философ и автор романа «Тошнота» Жан-Поль {Сартр}
44%
Актёр, снявшийся в фильмах «Ас из асов» и «На последнем дыхании» Жан-Поль {Бельмондо}
44%
Актёр, снявшийся в фильмах «Орфей» и «Фантомас» Жан {Маре}
33%
Кинорежиссер, снявший фильмы «Безумный Пьеро» и «Жить своей жизнью» Жан-Люк {Годар}
33%
Композитор и один из пионеров электронной музыки Жан-Мишель {Жарр}
30%
Актёр, снявшийся в фильмах «Артист» и «Офицер и шпион» Жан {Дюжарден}
15%
Актёр, снявшийся в фильмах «Великая иллюзия» и «Не тронь добычу» Жан {Габен}
11%
Социолог и философ-постмодернист Жан {Бодрийяр}
11%
Кинорежиссер, снявший фильмы «Великая иллюзия» и «Правила игры» Жан {Ренуар}
7%
Актёр, снявшийся в фильмах «Муж парикмахерши» и «Насмешка» Жан {Рошфор}
7%
Писатель и кинорежиссер, снявший фильмы «Двуглавый орёл» и «Орфей» Жан {Кокто}
4%
Маршал Наполеона I Жан {Ланн}
4%
Актёр, снявшийся в фильмах «Дьяволицы» и «Жандарм из Сен-Тропе» Жан {Лефевр}
4%
Психолог и создатель теории когнитивного развития Жан {Пиаже}
4%
12-й Председатель Европейской комиссии и премьер-министр Люксембурга Жан-Клод {Юнкер}
4%
No matching quizzes found
Score Distribution
Percent of People with Each Score
Percentile by Number Answered
Your Score History
You have not taken this quiz